| 000 | 01129nam a2200265Ia 4500 | ||
|---|---|---|---|
| 999 |
_c5472 _d5472 |
||
| 003 | OSt | ||
| 005 | 20200609195445.0 | ||
| 008 | 191128s2011 ar gr 000 0dspa d | ||
| 020 | _a9788415216100 | ||
| 040 |
_aCO-JMCR _cCO-JMCR |
||
| 041 | 1 |
_aspa _heng |
|
| 082 | 0 | 4 |
_a330.122 / _bH644a _223 |
| 100 | 1 |
_aHolloway, John, _eautor _95331 |
|
| 245 | 1 | 0 |
_aAgrietar el capitalismo : _bel hacer contra el trabajo / _cJohn Holloway ; traducción de Francisco T. Sobrino |
| 260 |
_aBuenos Aires : _bEdiciones Herramienta : El viejo topo, _c2011. |
||
| 300 |
_a332 páginas ; _c22 cm. |
||
| 504 | _aBibliografía: páginas 309-328. | ||
| 505 | _aLa ruptura -- Las grietas: la antipolítica de la dignidad -- Las grietas existen al borde de la imposibilidad -- El carácter dual del trabajo -- Trabajo abstracto: el gran cercamiento -- La crisis del trabajo abstracto -- El hacer en contra del trabajo | ||
| 534 | _pCrack capitalism | ||
| 546 | _aTraducido del inglés | ||
| 650 | 1 | 4 |
_aCapitalismo _xTrabajo _95332 |
| 650 | 2 | 4 |
_aProducción Política _95333 |
| 700 | 1 |
_aSobrino, Francisco T., _etraductor _95334 |
|
| 942 |
_2ddc _cBK |
||